[Event "World Youth Open U18 2016"]
[Site "Khanty-Mansiysk RUS"]
[Date "2016.09.28"]
[Round "6.16"]
[White "Khusenkhojaev, Mustafokhuja"]
[Black "Marek, Matyas"]
[Result "0-1"]
[BlackTitle "FM"]
[WhiteElo "2212"]
[BlackElo "2381"]
[WhiteFideId "14700727"]
[BlackFideId "335398"]
[EventDate "2016.09.22"]

1. d4 e6 2. Nf3 c5 3. c4 cxd4 4. Nxd4 Nf6 5. Nc3 d5 6. cxd5 Nxd5 7. e4 Nxc3 8.
bxc3 Be7 9. Be2 O-O 10. O-O e5 11. Nb3 Nc6 12. Be3 b6 13. Bc4 Qc7 14. Bd5 Ba6
15. c4 Rad8 16. Qc1 Nb4 17. Rd1 Rc8 18. a3 Nxd5 19. cxd5 Qd6 20. Qb2 Rc4 21. Bd2
Rxe4 22. Bb4 Qd7 23. d6 Bf6 24. Rac1 Re2 25. Rd2 Rxd2 26. Nxd2 Rc8 27. Ne4 Bd8
28. h3 Rxc1+ 29. Qxc1 Bb7 30. Qe3 a5 31. Bc3 f6 32. Nd2 Qxd6 33. f4 Qc6 34. Nf3
exf4 35. Qd3 Be7 36. Bd4 b5 37. Kh2 b4 38. axb4 axb4 39. Qb3+ Qd5 40. Qa4 Bc6
41. Qa6 Qd7 42. Qb6 h6 43. Qb8+ Qd8 44. Qxd8+ Bxd8 45. Nd2 Bd5 46. Kg1 Bc7 47.
Kf2 Be5 48. Bc5 b3 49. Bb4 b2 0-1

[Event "World Youth Open U18 2016"]
[Site "Khanty-Mansiysk RUS"]
[Date "2016.09.28"]
[Round "6.17"]
[White "Wu, Christopher"]
[Black "Rajkovic, Mladen"]
[Result "1/2-1/2"]
[WhiteTitle "FM"]
[WhiteElo "2377"]
[BlackElo "2275"]
[WhiteFideId "2040875"]
[BlackFideId "930660"]
[EventDate "2016.09.22"]

1. Nf3 Nf6 2. c4 g6 3. b4 Bg7 4. Bb2 c6 5. d3 d5 6. Nbd2 O-O 7. g3 Re8 8. Bg2
Qd6 9. Qb3 e5 10. e4 dxe4 11. dxe4 c5 12. b5 b6 13. Nxe5 Rxe5 14. f4 Ng4 15.
Bxe5 Bxe5 16. fxe5 Nxe5 17. Rd1 Bg4 18. Nf3 Qe7 19. Nxe5 Bxd1 20. Qxd1 Qxe5 21.
Qd8+ Kg7 22. O-O a6 23. Qxb6 Nd7 24. Qc6 Qd4+ 25. Kh1 Rb8 26. a4 Rb6 27. Qc7
axb5 28. axb5 Rf6 29. Rxf6 Nxf6 30. h3 Nxe4 31. Qf4 Nf6 32. Qxd4 cxd4 33. Kg1
Nd7 34. Bc6 Nb6 35. Bd5 f5 36. Kf2 Kf6 37. Bg8 Na4 38. Ke2 h6 39. Kd2 g5 40. Bd5
f4 41. gxf4 gxf4 42. Bf3 Ke5 43. Bd1 Nc5 44. b6 Kd6 45. Bf3 Nd7 46. b7 Kc7 47.
Bd5 Nc5 48. Ke2 1/2-1/2

[Event "World Youth Open U18 2016"]
[Site "Khanty-Mansiysk RUS"]
[Date "2016.09.28"]
[Round "6.18"]
[White "Urazayev, Arystanbek"]
[Black "Sadubayev, Airat"]
[Result "1-0"]
[WhiteTitle "CM"]
[WhiteElo "2377"]
[BlackElo "2231"]
[WhiteFideId "13709810"]
[BlackFideId "13713264"]
[EventDate "2016.09.22"]

1. e4 c5 2. Nf3 d6 3. Bb5+ Nd7 4. d4 cxd4 5. Qxd4 a6 6. Bxd7+ Bxd7 7. c4 Rc8 8.
Nc3 e5 9. Qd3 Qc7 10. b3 b5 11. Nd5 Qc6 12. O-O bxc4 13. bxc4 Ne7 14. Nd2 Nxd5
15. exd5 Qc7 16. Qg3 f5 17. Ba3 Kf7 18. Rfc1 Qa5 19. Rc2 Be7 20. c5 Bb5 21. Qf3
g6 22. c6 Bf6 23. Rb1 e4 24. Qh3 Bd3 25. Nc4 Bxc4 26. Rxc4 Qxd5 27. Qb3 Rhd8 28.
Rd1 Qe6 29. Qb7+ Kg8 30. Rc2 Be5 31. Qxa6 Ra8 32. Qb6 Rdb8 33. Qe3 Rc8 34. g3
Ra6 35. c7 Raa8 36. Bb4 Kg7 37. Qb6 Kf7 38. Bxd6 1-0

[Event "World Youth Open U18 2016"]
[Site "Khanty-Mansiysk RUS"]
[Date "2016.09.28"]
[Round "6.19"]
[White "Huber, Martin Christian"]
[Black "Georgiev, Todor"]
[Result "1/2-1/2"]
[WhiteTitle "FM"]
[WhiteElo "2356"]
[BlackElo "2197"]
[WhiteFideId "1623435"]
[BlackFideId "2916088"]
[EventDate "2016.09.22"]

1. Nf3 c5 2. c4 g6 3. e4 Bg7 4. d4 cxd4 5. Nxd4 Nc6 6. Be3 Nf6 7. Nc3 Ng4 8.
Qxg4 Nxd4 9. Qd1 Nc6 10. Rc1 d6 11. Be2 O-O 12. h4 Qa5 13. h5 Be6 14. Qd2 Rac8
15. b3 a6 16. f3 Bh8 17. g4 b5 18. Kf2 bxc4 19. bxc4 Rb8 20. Kg2 Qa3 21. Nb1 Qa4
22. Nc3 Qa3 23. Nb1 Qa4 24. Nc3 Qa3 1/2-1/2

[Event "World Youth Open U18 2016"]
[Site "Khanty-Mansiysk RUS"]
[Date "2016.09.28"]
[Round "6.20"]
[White "Akhvlediani, Irakli"]
[Black "Rajdeep, Sarkar"]
[Result "1/2-1/2"]
[BlackTitle "FM"]
[WhiteElo "2205"]
[BlackElo "2347"]
[WhiteFideId "13601938"]
[BlackFideId "25007963"]
[EventDate "2016.09.22"]

1. e4 e5 2. Nc3 Bb4 3. Bc4 Nc6 4. a3 Bxc3 5. dxc3 d6 6. Nf3 h6 7. h3 Nge7 8. g4
Ng6 9. Be3 Be6 10. Qe2 Bxc4 11. Qxc4 Qf6 12. Ng1 Nf4 13. Bxf4 Qxf4 14. Ne2 Qg5
15. Ng3 g6 16. Qe2 O-O-O 17. Qe3 Rdf8 18. O-O-O Kb8 19. Rhf1 Nd8 20. Ne2 f5 21.
exf5 gxf5 22. f4 exf4 23. Qxf4 fxg4 24. Qxg5 Rxf1 25. Rxf1 hxg5 26. hxg4 Rh4 27.
Rg1 Ne6 28. Nd4 Nxd4 29. cxd4 Kc8 30. d5 c6 31. dxc6 bxc6 32. Kd2 Kc7 33. Rg2 d5
34. c4 Kd6 35. cxd5 cxd5 36. Kc3 Rh3+ 37. Kd4 Rf3 38. b4 a5 39. bxa5 Rxa3 40.
Rf2 Rxa5 41. Rf6+ Ke7 42. Rg6 Ra4+ 43. Kxd5 Rxg4 44. Ke5 Kf7 45. Kf5 Rf4+ 46.
Kxg5 Rg4+ 47. Kxg4 Kxg6 1/2-1/2

[Event "World Youth Open U18 2016"]
[Site "Khanty-Mansiysk RUS"]
[Date "2016.09.28"]
[Round "6.21"]
[White "Petrovskis, Olegs"]
[Black "Gretz, Denis"]
[Result "1/2-1/2"]
[WhiteElo "2159"]
[BlackElo "2339"]
[WhiteFideId "11603186"]
[BlackFideId "12945188"]
[EventDate "2016.09.22"]

1. d4 d5 2. c4 e6 3. Nc3 c6 4. cxd5 exd5 5. Bf4 Nf6 6. e3 Bf5 7. Bd3 Bxd3 8.
Qxd3 Bd6 9. Bxd6 Qxd6 10. Nf3 Nbd7 11. O-O O-O 12. b4 a6 13. Rab1 Qe7 14. Na4
Ne4 15. Rfc1 Nd6 16. Nc5 f6 17. Nd2 b5 18. Nxd7 Qxd7 19. e4 Nc4 20. exd5 cxd5
21. Nf3 Rfe8 1/2-1/2

[Event "World Youth Open U18 2016"]
[Site "Khanty-Mansiysk RUS"]
[Date "2016.09.28"]
[Round "6.22"]
[White "Escalante Ramirez, Brian Sebasti"]
[Black "Gong, Patrick"]
[Result "1-0"]
[WhiteTitle "FM"]
[WhiteElo "2302"]
[BlackElo "2143"]
[WhiteFideId "3819566"]
[BlackFideId "3222500"]
[EventDate "2016.09.22"]

1. e4 d6 2. d4 Nf6 3. Bd3 e5 4. c3 d5 5. dxe5 Nxe4 6. Nf3 Nc6 7. h3 Bc5 8. O-O
Bf5 9. Qc2 Bg6 10. Nbd2 Nxd2 11. Bxd2 Qd7 12. e6 fxe6 13. Bxg6+ hxg6 14. Qxg6+
Qf7 15. Qg4 Qf5 16. Qxf5 exf5 17. Rfe1+ Kd7 18. Ne5+ Nxe5 19. Rxe5 g6 20. Rxd5+
Bd6 21. Rd3 Rh4 22. b3 b5 23. f3 a5 24. Be1 Rh7 25. a4 bxa4 26. Rxa4 Kc6 27. c4
Re7 28. Kf1 Rae8 29. Ra1 Re2 30. Bxa5 Bg3 31. f4 Bh4 32. Rf3 Rb2 33. g3 Bf6 34.
Re1 Rxe1+ 35. Bxe1 Kc5 36. g4 Rc2 37. Rd3 Bd4 38. gxf5 gxf5 39. h4 Rh2 40. Bg3
Rh1+ 41. Kg2 Rg1+ 42. Kh2 Ra1 43. h5 c6 44. Bh4 Ra7 45. b4+ Kxb4 46. Rxd4 Rh7
47. Rd3 Kxc4 48. Rh3 Kd5 49. Bf6 Ke4 50. Kg3 c5 51. Be5 c4 52. Kh4 Rd7 53. Kg5
Rd3 54. Rxd3 cxd3 55. Bc3 1-0

[Event "World Youth Open U18 2016"]
[Site "Khanty-Mansiysk RUS"]
[Date "2016.09.28"]
[Round "6.23"]
[White "Ramacker, Quinten"]
[Black "Barp, Alberto"]
[Result "0-1"]
[BlackTitle "FM"]
[WhiteElo "1947"]
[BlackElo "2244"]
[WhiteFideId "210404"]
[BlackFideId "872555"]
[EventDate "2016.09.22"]

1. e4 c5 2. Nf3 a6 3. c4 Nc6 4. Nc3 e5 5. d3 g6 6. Be3 d6 7. Qd2 Bg7 8. Nd5 Nge7
9. Bg5 h6 10. Bh4 g5 11. Bg3 f5 12. h3 b5 13. Nc3 f4 14. Bh2 Rb8 15. Be2 Be6 16.
Nd5 Ng6 17. Bg1 h5 18. Kf1 Bh6 19. Qd1 Kf7 20. b3 g4 21. hxg4 hxg4 22. Nh2 g3
23. Ng4 Bg5 24. Rxh8 Qxh8 25. fxg3 fxg3 26. Nge3 Rf8 27. Bg4 Kg7+ 28. Bf5 Nd4
29. Qg4 Qh4 30. Nc7 Bc8 31. Qxh4 Nxh4 32. Re1 Bxf5 33. exf5 Nhxf5 34. Rd1 Nxe3+ 0-1

[Event "World Youth Open U18 2016"]
[Site "Khanty-Mansiysk RUS"]
[Date "2016.09.28"]
[Round "6.24"]
[White "Krykun, Yuriy"]
[Black "Sukovic, Andrej"]
[Result "1-0"]
[WhiteTitle "FM"]
[WhiteElo "2242"]
[BlackElo "2114"]
[WhiteFideId "14140667"]
[BlackFideId "16502310"]
[EventDate "2016.09.22"]

1. Nf3 Nf6 2. c4 g6 3. g3 Bg7 4. Bg2 O-O 5. O-O d6 6. Nc3 Nc6 7. d4 a6 8. d5 Na5
9. Nd2 c5 10. Qc2 Rb8 11. b3 b5 12. Rb1 e5 13. cxb5 axb5 14. b4 cxb4 15. Rxb4
Bd7 16. Qb1 Qc7 17. Nxb5 Qc5 18. a4 Nxd5 19. Rb2 Nf6 20. Rc2 Qb6 21. Ba3 Bxb5
22. Rb2 Qd4 23. axb5 Ng4 24. Nb3 Nxb3 25. Rxb3 Qb6 26. Qe4 Nf6 27. Qc6 Rfc8 28.
Rc1 Bf8 29. Qxb6 Rxc1+ 1-0

[Event "World Youth Open U18 2016"]
[Site "Khanty-Mansiysk RUS"]
[Date "2016.09.28"]
[Round "6.25"]
[White "Holtman, Teodor"]
[Black "Kolver, Chris"]
[Result "0-1"]
[BlackTitle "CM"]
[WhiteElo "2201"]
[BlackElo "1991"]
[WhiteFideId "14933721"]
[BlackFideId "14307820"]
[EventDate "2016.09.22"]

1. e4 c5 2. Nf3 Nc6 3. Nc3 e5 4. Bc4 Be7 5. d3 d6 6. Nd2 Nf6 7. Nf1 Bg4 8. f3
Be6 9. Ne3 O-O 10. O-O Rb8 11. Ned5 Nd4 12. a4 a6 13. a5 Nc6 14. Nxe7+ Nxe7 15.
Bg5 Nc6 16. f4 h6 17. fxe5 hxg5 18. exf6 gxf6 19. Nd5 Bxd5 20. Bxd5 Kg7 21. Bxc6
bxc6 22. Qd2 Rh8 23. Rf5 Rh6 24. Qc3 Rg6 25. d4 cxd4 26. Qxd4 c5 27. Qd3 Rb5 28.
Rd5 Rxa5 29. Rf1 Qb6 30. Rxd6 Qxb2 31. Qc4 Qb4 32. Qd3 Ra3 33. Qd5 Rc3 34. Kh1
Qc4 35. Qf5 Rxc2 36. e5 Rc1 37. exf6+ Kh7 38. Qh3+ Rh6 39. Qf5+ Rg6 40. Rdd1
Rxd1 41. Rxd1 Qe6 42. Rf1 Qxf5 43. Rxf5 c4 44. Kg1 c3 45. Kf2 c2 46. Rc5 Rxf6+
47. Ke3 Re6+ 48. Kf3 a5 49. Rxc2 a4 50. Ra2 Ra6 51. Ra3 Kg6 52. Kg4 Ra5 53. h3
f5+ 54. Kf3 Kf6 55. g4 fxg4+ 56. Kxg4 Ke6 57. Kf3 Kd5 58. Ke3 Kc4 59. Kd2 Kb4
60. Re3 a3 61. Kc2 a2 62. Re4+ Kb5 63. Re5+ Kb6 64. Rxa5 Kxa5 65. Kb2 Kb4 66.
Kxa2 Kc3 0-1

[Event "World Youth Open U18 2016"]
[Site "Khanty-Mansiysk RUS"]
[Date "2016.09.28"]
[Round "6.26"]
[White "Kenenbaev, Aidar"]
[Black "Yang, Ching Wei Austin"]
[Result "0-1"]
[BlackTitle "FM"]
[WhiteElo "2143"]
[BlackElo "1997"]
[WhiteFideId "13801180"]
[BlackFideId "16300440"]
[EventDate "2016.09.22"]

1. Nf3 Nf6 2. g3 d5 3. Bg2 c6 4. O-O Bg4 5. d3 Nbd7 6. Nbd2 e5 7. e4 dxe4 8.
dxe4 Be7 9. h3 Bh5 10. Qe1 O-O 11. Nh4 Nc5 12. Nf5 Qc7 13. b3 Ne6 14. Bb2 Bb4
15. a3 Bxd2 16. Qxd2 Bg6 17. Qe3 Rfd8 18. Rad1 c5 19. c3 b6 20. Bf3 c4 21. b4
Kf8 22. h4 Qc6 23. Qe2 h5 24. Bc1 Nc7 25. Bg2 Nb5 26. Qc2 Nd6 27. Nxd6 Rxd6 28.
Rxd6 Qxd6 29. Rd1 Qc6 30. f3 Ne8 31. Be3 Nd6 32. Rd5 Qxd5 0-1

[Event "World Youth Open U18 2016"]
[Site "Khanty-Mansiysk RUS"]
[Date "2016.09.28"]
[Round "6.27"]
[White "Yoshida, Haruki"]
[Black "Erenberg, Ariel"]
[Result "0-1"]
[BlackTitle "FM"]
[WhiteElo "1750"]
[BlackElo "2350"]
[WhiteFideId "7002076"]
[BlackFideId "2811634"]
[EventDate "2016.09.22"]

1. d4 Nf6 2. c4 e6 3. Nc3 Bb4 4. Qc2 O-O 5. a3 Bxc3+ 6. Qxc3 d6 7. Bg5 Re8 8.
Nf3 h6 9. Bh4 Qe7 10. e3 e5 11. dxe5 dxe5 12. Be2 b6 13. O-O Bb7 14. Rfd1 Nbd7
15. b4 a5 16. Qb2 Ra7 17. h3 Qe6 18. Nd2 Rea8 19. Bg3 Kh8 20. Rdc1 c5 21. bxc5
bxc5 22. Rab1 Ne4 23. Bh2 f5 24. f3 Nef6 25. Qc3 e4 26. Rd1 Re8 27. Kf2 exf3 28.
gxf3 Nh5 29. Nf1 f4 30. Rb2 Qxh3 31. exf4 Ndf6 32. Rd3 Bc6 33. Re3 Raa8 34. f5
Qxf5 35. Rxe8+ Rxe8 36. Kg1 Qg5+ 37. Kh1 Ng4 38. Bd1 Rd8 39. Rd2 Rxd2 40. Qxd2
Qxd2 41. Nxd2 Nf2+ 0-1

[Event "World Youth Open U18 2016"]
[Site "Khanty-Mansiysk RUS"]
[Date "2016.09.28"]
[Round "6.29"]
[White "Weerasinghe, C C"]
[Black "Oner, Oguz"]
[Result "1/2-1/2"]
[WhiteElo "1884"]
[BlackElo "1962"]
[WhiteFideId "9921087"]
[BlackFideId "6329330"]
[EventDate "2016.09.22"]

1. d4 d5 2. c4 e6 3. Nc3 Be7 4. Nf3 Nf6 5. Bg5 h6 6. Bh4 O-O 7. e3 Ne4 8. Bxe7
Qxe7 9. Qc2 Nxc3 10. Qxc3 dxc4 11. Bxc4 b6 12. Rc1 Bb7 13. Be2 Rc8 14. O-O c5
15. dxc5 Nd7 16. c6 Rxc6 17. Qd2 Nc5 18. Rfd1 Ne4 19. Qd4 Rd6 20. Qa4 Rxd1+ 21.
Rxd1 Bd5 22. Qc2 Nd6 23. b3 Qb7 24. Qb2 b5 25. Qe5 Nf5 26. Rc1 f6 27. Qc3 Nd6
28. Qb4 Qb6 29. Qg4 Qa5 1/2-1/2

[Event "World Youth Open U18 2016"]
[Site "Khanty-Mansiysk RUS"]
[Date "2016.09.28"]
[Round "6.31"]
[White "Roos, Lucas"]
[Black "Shih, Yu-An"]
[Result "0-1"]
[WhiteElo "1830"]
[BlackElo "1493"]
[WhiteFideId "14308673"]
[BlackFideId "16300645"]
[EventDate "2016.09.22"]

1. e4 e5 2. Nf3 Nc6 3. Bc4 Bc5 4. c3 Nf6 5. d3 d6 6. Bb3 h6 7. Nbd2 O-O 8. h3
Nh5 9. g3 Nf6 10. Nf1 d5 11. Qe2 Re8 12. g4 dxe4 13. dxe4 Nh7 14. Bxf7+ Kxf7 15.
Qc4+ Be6 16. Qxc5 Qd3 17. Qe3 Rad8 18. Qxd3 Rxd3 19. Be3 Red8 20. N1d2 Nf6 21.
g5 Ng8 22. Ke2 h5 23. g6+ Ke7 24. Ng5 a6 25. Bc5+ Kf6 26. Be3 Rxe3+ 27. fxe3
Kxg5 28. Rhg1+ Kf6 29. Raf1+ Ke7 30. h4 Nf6 31. Rg5 Rxd2+ 32. Kxd2 Nxe4+ 33. Kc2
Nxg5 34. hxg5 h4 35. b3 h3 36. Kd3 Kd6 37. Rd1 Ke7 38. Ke4 Bg4 39. Rf1 Ke6 40.
Rf7 h2 0-1

[Event "World Youth Open U18 2016"]
[Site "Khanty-Mansiysk RUS"]
[Date "2016.09.28"]
[Round "6.32"]
[White "Ding, Tze How Dilwen"]
[Black "Noguchi, Takaya"]
[Result "1-0"]
[WhiteTitle "FM"]
[WhiteElo "2397"]
[BlackElo "1491"]
[WhiteFideId "5707641"]
[BlackFideId "7002270"]
[EventDate "2016.09.22"]

1. d4 d5 2. c4 c6 3. Nf3 Nf6 4. Qc2 dxc4 5. Qxc4 Bg4 6. Nbd2 Nbd7 7. g3 e6 8.
Bg2 Be7 9. O-O O-O 10. b3 Rc8 11. Bb2 b5 12. Qc2 c5 13. Rac1 cxd4 14. Qd3 Qb6
15. Nxd4 Nc5 16. Qb1 Bh5 17. Qa1 a5 18. N2f3 Rc7 19. Rfd1 Ncd7 20. Rxc7 Qxc7 21.
Nxb5 Qc2 22. Nbd4 Qc7 23. Rc1 Qa7 24. Nc6 1-0

[Event "World Youth Open U18 2016"]
[Site "Khanty-Mansiysk RUS"]
[Date "2016.09.29"]
[Round "7.1"]
[White "Vavulin, Maksim"]
[Black "Sanal, Vahap"]
[Result "1-0"]
[WhiteTitle "IM"]
[BlackTitle "IM"]
[WhiteElo "2582"]
[BlackElo "2477"]
[WhiteFideId "4169530"]
[BlackFideId "6300545"]
[EventDate "2016.09.22"]

1. e4 e5 2. Nf3 Nc6 3. d4 exd4 4. Nxd4 Bc5 5. Nb3 Bb6 6. Nc3 Nf6 7. Qe2 d6 8.
Be3 Qe7 9. O-O-O Be6 10. g3 O-O-O 11. Bg2 Rhe8 12. Kb1 Kb8 13. h3 Nd7 14. Rhe1
Bxe3 15. Qxe3 Nb6 16. Qf4 g5 17. Qf3 f6 18. Rh1 Qg7 19. Nb5 Ne5 20. Qc3 Bc4 21.
N5d4 Qg8 22. Rhg1 Ba6 23. Na5 Nec4 24. Ndc6+ bxc6 25. Nxc6+ Kc8 26. Nxd8 Na4 27.
Qb4 Ncxb2 28. Nc6 Nxd1 29. Nxa7+ Kd8 30. Rxd1 Nb6 31. Rxd6+ cxd6 32. Qxb6+ Ke7
33. Qxa6 Qe6 34. Nc6+ Kf7 35. Nd4 Qd7 36. Qc6 Rb8+ 37. Kc1 Qd8 38. Qd5+ Kg6 39.
Nc6 1-0

[Event "World Youth Open U18 2016"]
[Site "Khanty-Mansiysk RUS"]
[Date "2016.09.29"]
[Round "7.2"]
[White "Lorparizangeneh, Shahin"]
[Black "Petrosyan, Manuel"]
[Result "1/2-1/2"]
[WhiteTitle "IM"]
[BlackTitle "IM"]
[WhiteElo "2478"]
[BlackElo "2530"]
[WhiteFideId "12521604"]
[BlackFideId "13300857"]
[EventDate "2016.09.22"]

1. d4 Nf6 2. Bg5 e6 3. e4 h6 4. Bxf6 Qxf6 5. c3 Qd8 6. Bd3 d6 7. f4 e5 8. Ne2 g6
9. O-O Bg7 10. f5 O-O 11. Qb3 gxf5 12. exf5 d5 13. dxe5 Bxe5 14. Nd2 c6 15. Kh1
Nd7 16. Qb4 Bg7 17. Nf3 Qb6 18. Qh4 Qxb2 19. Nfd4 Qd2 20. Rad1 Qg5 21. Qf2 Ne5
22. h4 Qf6 23. Nf4 Qd6 24. Be2 Kh8 25. Nh5 Rg8 26. Nxg7 Rxg7 27. f6 Rg6 28. Qf4
Nc4 29. Bh5 Qxf4 30. Rxf4 Rg3 31. Bxf7 Rg4 32. Rf2 Nd6 33. Bxd5 cxd5 34. f7 Nxf7
35. Rxf7 Rg7 36. Rf8+ Rg8 37. Rf6 Bg4 38. Rb1 Rg7 39. Rxh6+ Kg8 40. Ne6 Bxe6 41.
Rxe6 Rf8 42. Kg1 Rc8 43. Re3 d4 44. cxd4 Rc2 45. g3 Rxa2 46. Rd1 Rc7 47. d5 Rcc2
48. d6 Rg2+ 49. Kf1 Rh2 50. Kg1 Rhg2+ 51. Kf1 Rh2 52. Kg1 1/2-1/2

[Event "World Youth Open U18 2016"]
[Site "Khanty-Mansiysk RUS"]
[Date "2016.09.29"]
[Round "7.3"]
[White "Nguyen, Hoang Duc"]
[Black "Kollars, Dmitrij"]
[Result "0-1"]
[BlackTitle "IM"]
[WhiteElo "1874"]
[BlackElo "2491"]
[WhiteFideId "12403865"]
[BlackFideId "12909572"]
[EventDate "2016.09.22"]

1. e4 e5 2. Nf3 Nc6 3. Bb5 a6 4. Ba4 Nf6 5. O-O Be7 6. Re1 b5 7. Bb3 d6 8. c3
O-O 9. h3 Nb8 10. d4 Nbd7 11. Nbd2 Bb7 12. Bc2 Re8 13. Nf1 Bf8 14. Ng3 g6 15. a4
c5 16. Qd3 cxd4 17. cxd4 exd4 18. Qxd4 Rc8 19. Bd3 Bg7 20. axb5 Nxe4 21. Qe3
Nec5 22. Qxe8+ Qxe8 23. Rxe8+ Rxe8 24. Bc4 Nb6 25. Be2 Nb3 26. Rb1 Bxf3 27. gxf3
axb5 28. Bf4 Nd4 29. Bf1 Nxf3+ 30. Kg2 Nh4+ 31. Kg1 Nc4 32. Bxc4 bxc4 33. Bxd6
Nf3+ 34. Kg2 Ne1+ 35. Kf1 Nd3 36. Ne2 Bxb2 37. Nf4 Nxf4 38. Bxf4 c3 39. Bc1 f6
40. Bxb2 Rb8 0-1

[Event "World Youth Open U18 2016"]
[Site "Khanty-Mansiysk RUS"]
[Date "2016.09.29"]
[Round "7.4"]
[White "Hakobyan, Aram"]
[Black "Mousavi, Seyed Khalil"]
[Result "1-0"]
[WhiteTitle "FM"]
[BlackTitle "IM"]
[WhiteElo "2417"]
[BlackElo "2412"]
[WhiteFideId "13306677"]
[BlackFideId "12511099"]
[EventDate "2016.09.22"]

1. e4 e6 2. d4 d5 3. Nc3 Bb4 4. exd5 exd5 5. Bd3 c6 6. Ne2 Ne7 7. Ng3 Nd7 8. O-O
O-O 9. Qf3 Bd6 10. Re1 Re8 11. Bg5 f6 12. Bd2 Nf8 13. Nh5 Ne6 14. Rxe6 Bxe6 15.
Bh6 Nf5 16. Bxf5 Bxf5 17. Qxf5 Qe7 18. f4 g6 19. Nxf6+ Kh8 20. Qg5 Qe3+ 21. Kf1
Re6 22. f5 Qxg5 23. Bxg5 gxf5 24. Nh5 Kg8 25. Bf4 Rae8 26. Bxd6 Rxd6 27. Nf4 Kf7
28. Kf2 Rh6 29. h3 b6 30. Nce2 Kf6 31. a4 Re4 32. Ra3 Ke7 33. Rg3 Rf6 34. c3 Rf7
35. Nd3 Kf6 36. Rg8 c5 37. Rc8 cxd4 38. Nxd4 Rd7 39. Rf8+ Kg6 40. Nxf5 Rc7 41.
Nd4 Rf7+ 42. Rxf7 Kxf7 43. Nb4 Re5 44. Nbc6 Re8 45. Nb5 Ra8 46. Nb4 Rd8 47. Ke3
a5 48. Nc2 Re8+ 49. Kd3 Re7 50. Ne3 Rd7 51. Nd4 h5 52. Ne2 Kf6 53. Nf4 h4 1-0

[Event "World Youth Open U18 2016"]
[Site "Khanty-Mansiysk RUS"]
[Date "2016.09.29"]
[Round "7.6"]
[White "Zakaryan, David"]
[Black "Rakotomaharo, Fy Antenaina"]
[Result "0-1"]
[WhiteTitle "FM"]
[BlackTitle "FM"]
[WhiteElo "2377"]
[BlackElo "2439"]
[WhiteFideId "24101923"]
[BlackFideId "13100050"]
[EventDate "2016.09.22"]

1. e4 e5 2. Nf3 Nc6 3. Bb5 a6 4. Ba4 Nf6 5. O-O Be7 6. Re1 b5 7. Bb3 d6 8. c3
O-O 9. h3 Bb7 10. d4 Re8 11. Ng5 Rf8 12. Nf3 Nd7 13. Nbd2 exd4 14. cxd4 Re8 15.
Nf1 Bf6 16. Ng3 Na5 17. Bc2 g6 18. Rb1 c5 19. d5 Nc4 20. b3 Nce5 21. Nh2 Bh4 22.
Re3 Bg5 23. Re2 Bxc1 24. Qxc1 Qh4 25. Ngf1 c4 26. Qe3 Nc5 27. b4 Ncd3 28. Nf3
Nxf3+ 29. Qxf3 Nf4 30. Re3 Qf6 31. Nh2 Bc8 32. Ng4 Qg5 33. Qg3 h5 34. Nh2 Qxg3
35. fxg3 Nxd5 36. Ra3 Nf6 37. Rd1 d5 38. exd5 Re2 39. Rf3 Nxd5 40. Rxd5 Rxc2 41.
Rd8+ Kg7 42. Rf2 Rxf2 43. Kxf2 c3 44. Ke3 Bb7 45. Rxa8 Bxa8 46. Kd3 Bxg2 47. h4
Kf6 48. Kxc3 Ke5 49. Kd3 Kd5 50. a3 f6 51. g4 f5 52. gxh5 gxh5 53. Ke3 Ke5 54.
Kf2 Bd5 0-1

[Event "World Youth Open U18 2016"]
[Site "Khanty-Mansiysk RUS"]
[Date "2016.09.29"]
[Round "7.7"]
[White "Dragnev, Valentin"]
[Black "Toma, Radu-Cristian"]
[Result "1-0"]
[WhiteTitle "IM"]
[WhiteElo "2430"]
[BlackElo "2343"]
[WhiteFideId "1634852"]
[BlackFideId "1217992"]
[EventDate "2016.09.22"]

1. e4 c5 2. Nf3 Nc6 3. d4 cxd4 4. Nxd4 g6 5. c4 Nf6 6. Nc3 Nxd4 7. Qxd4 d6 8.
Be3 Bg7 9. Be2 O-O 10. Qd2 Be6 11. Rc1 Qa5 12. f3 Rfc8 13. b3 a6 14. Na4 Qxd2+
15. Kxd2 Nd7 16. g4 f5 17. gxf5 gxf5 18. Nc3 Rf8 19. Nd5 Bxd5 20. cxd5 f4 21.
Bf2 Rac8 22. b4 Bb2 23. Rxc8 Rxc8 24. Rb1 Bf6 25. Rc1 Rxc1 26. Kxc1 Bc3 27. a3
a5 28. bxa5 Bxa5 29. Bh4 Bb6 30. Bxe7 Bc5 31. a4 h6 32. Kc2 Kf7 33. Bh4 Ne5 34.
Be1 Be3 35. Kb3 Ke7 36. Bh4+ Kd7 37. Kc2 Bg1 38. h3 Kc7 39. Bf6 Bf2 40. Bg7 h5
41. Bh6 Bg3 42. Kb3 h4 43. Kb4 b6 44. Kb5 Bh2 45. Ka6 Bg3 46. Bg7 Bf2 47. Bf6
Bg3 48. Kb5 Bf2 49. Bg5 Bg3 50. Bh6 Bh2 51. Bf8 Bg1 52. Bg7 Bf2 53. Kb4 Be1+ 54.
Kb3 Bf2 55. Kc2 Be1 56. Kd1 Bg3 57. Kd2 Bh2 58. Ke1 Bg3+ 59. Kf1 Kb7 60. Kg2 Kc7
61. Bb5 Kb7 62. Be2 Kc7 63. Kf1 Kb7 64. Bd1 Kc7 65. Ke2 Kb7 66. Bc2 Kc7 67. Bd3
Kb7 68. Bb5 Kc7 69. Bf6 Nf7 70. Bd4 Ne5 71. Bg1 Kb7 72. Bd3 Kc7 73. Bd4 Kb7 74.
Bc2 Kc7 75. Bd1 Kb7 76. Kd2 Kc7 77. Be2 Kb7 78. Kc2 Be1 79. Bb2 Kc7 80. Bc1 Bg3
81. Kb3 Kb7 82. Kb4 Kc7 83. Kb5 Bh2 84. Ka6 Bg3 85. Bb2 Bf2 86. Bc3 Kb8 87. Bd2
Ng6 88. Bb5 Kc7 89. Be8 Ne5 90. Bxf4 Nxf3 91. Bh5 Ne5 92. Be2 Bg3 93. Be3 Nd7
94. Kb5 Nc5 95. Bf3 Nd7 96. Bd2 Nc5 97. Bc3 Nd7 98. Bg4 Nc5 99. Bf5 Nb7 100. Bb4
Bf2 101. Bd2 Bg3 102. Bc3 Bh2 103. Bb4 Nc5 104. a5 bxa5 105. e5 Kd8 106. exd6
Nd7 107. Bc3 Bg3 108. Bxa5+ Ke8 109. Bc7 Bf2 110. Kc6 Ne5+ 111. Kb7 Nd7 112.
Bg6+ Kf8 113. Bh5 Bg1 114. Bd8 Kg7 115. Kc8 Ne5 116. d7 Kh6 117. Bg5+ 1-0